| 000 | 00800nam a22002177a 4500 | ||
|---|---|---|---|
| 999 |
_c13128 _d13128 |
||
| 003 | AR-CdUCM | ||
| 008 | 190411b ||||| |||| 00| 0 spa d | ||
| 020 | _a978-607-404-674-8 | ||
| 040 |
_aMUNICIPALIDAD PROVINCIAL DEL CUSCO _cBIBLIOTECA MUNICIPAL DEL CUSCO |
||
| 082 |
_aEP / 372.030 / _bC83 |
||
| 110 |
_aMiles Kelly Publishing Ltd. _931341 |
||
| 245 | _a8000 Cosas que Debes Saber / | ||
| 260 |
_aMéxico : _bSilver Dolphin ; _c2015. |
||
| 300 |
_a511 páginas ; _bFotografías, ilustraciones, mapas _c22cm |
||
| 505 | _aContenido: El espacio -- La tierra -- Los animales salvajes -- El cuerpo humano... | ||
| 650 |
_aEnciclopedia _918213 |
||
| 650 |
_aEducación primaria _91561 |
||
| 700 |
_aCaballero, Samantha (traducción) _924667 |
||
| 942 |
_2ddc _cLIBROS |
||
| 945 |
_anom _d2019-04-11 |
||